01196nac a22002531u 4500010001600000020001500016082001700031090001500048100003400063245011500097250001200212260003100224300004500255504005100300650002600351700002100377856008800398856007400486942001900560999001500579952010400594952010400698952014000802 a 91024304 a047183944200a621.3bS6421 c4107d4107 aSmith, Ralph Judson. 10aCircuits, devices, and systems :ba first course in electrical engineering /cRalph J. Smith, Richard C. Dorf. a5th ed. aNew York :bWiley,cc1992. axi, 868 p. :bill. (some col.) ;c26 cm. aIncludes bibliographical references and index. 0aElectric engineering.1 aDorf, Richard C.423Publisher descriptionuhttp://www.loc.gov/catdir/description/wiley034/91024304.html423Table of Contentsuhttp://www.loc.gov/catdir/toc/onix05/91024304.html cBBk621.3S6421 c4107d4107 00104070aMAINbMAINc1STd2005-11-06ePurchasel0o621.3 SMIp000002790r2025-07-15 00:00:00yBB 00104070aMAINbMAINc1STd2007-11-06ePurchasel0o621.3 SMIp000002768r2025-07-15 00:00:00yNB 00102ddc40708 aMAINbMAINc1STd2007-08-21epurchaseg465.00l1o621.3 SMIp000000127r2025-07-15 00:00:00s2014-10-11v581.25yBB